Absolut Sequel The Absolut Advertising Story Continues (Record no. 41377)
[ view plain ]
| 000 -LEADER | |
|---|---|
| fixed length control field | 00412nam a2200145Ia 4500 |
| 008 - FIXED-LENGTH DATA ELEMENTS--GENERAL INFORMATION | |
| fixed length control field | 240719s9999 xx 000 0 und d |
| 041 ## - LANGUAGE CODE | |
| Language code of text/sound track or separate title | eng |
| 082 ## - DEWEY DECIMAL CLASSIFICATION NUMBER | |
| Classification number | 659.196 LEW |
| 100 ## - MAIN ENTRY--PERSONAL NAME | |
| Personal name | Lewis, Richard W |
| 245 ## - TITLE STATEMENT | |
| Title | Absolut Sequel The Absolut Advertising Story Continues |
| 260 ## - PUBLICATION, DISTRIBUTION, ETC. | |
| Place of publication, distribution, etc. | North Clarendon |
| Name of publisher, distributor, etc. | Periplus Tuttle Pub |
| Date of publication, distribution, etc. | 2005 |
| 300 ## - PHYSICAL DESCRIPTION | |
| Extent | 267;. P. 29 Cm |
| 365 ## - TRADE PRICE | |
| Currency code | |
| Price amount | 60 |
| 520 ## - SUMMARY, ETC. | |
| Summary, etc. | Gifted By : IMT Faculty |
| Withdrawn status | Lost status | Damaged status | Not for loan | Home library | Current library | Shelving location | Date acquired | Full call number | Barcode | Date last seen | Price effective from | Koha item type | Public note |
|---|---|---|---|---|---|---|---|---|---|---|---|---|---|
| IMTN | IMTN | Rack 35-B | 07/16/2023 | 659.196 LEW | 33072 | 07/19/2024 | 07/19/2024 | Books | Gifted |